000 00351 a2200121 4500
001 ART_10180
005 20260410161848.0
008 260409a
245 1 0 _aPatentes e importación de tecnología
100 1 _aKatz, Jorge M.
700 1 _aChudnovsky, Daniel
773 0 _tEconómica
_g- Año XVI, Nº1 (ene./abr. 1970)
_wREV7541
999 _c24720
_d24720